[Event "Bundesliga 0203"]
[Site "Germany"]
[Date "2003.01.11"]
[Round "8.7"]
[White "Hoffmann, Michael"]
[Black "Bezold, Michael"]
[Result "0-1"]
[WhiteElo "2438"]
[BlackElo "2468"]
[Annotator "Ribli,Z"]
[PlyCount "74"]
[EventDate "2002.10.19"]
[EventType "team-tourn"]
[EventRounds "15"]
[EventCountry "GER"]
[SourceTitle "CBM 093"]
[Source "ChessBase"]
[SourceDate "2003.04.01"]
[SourceVersion "1"]
[SourceVersionDate "2003.04.01"]
[SourceQuality "1"]
[WhiteTeam "Solingen"]
[BlackTeam "Hamburger SK"]
[WhiteTeamCountry "GER"]
[BlackTeamCountry "GER"]

1. d4 d6 2. Nf3 Bg4 {Diese Nebenvariante ist heutzutage weniger populär. Der
Vorteil der Variante ist, dass Schwarz die Hauptvarianten vermeidet. Aber der
Textzug gibt Schwarz keinen vollen Ausgleich.} 3. e4 {Ein logischer Zug - Weiß
verschafft sich den Zentrumsvorteil, aber die Alternative 3.c4 scheint mir
besser.} Nf6 4. Nc3 e6 {Schwarz möchte d6-d5 ziehen. Bei der Läuferstellung
auf c8 wäre dieser Zug weniger gut, aber hier Schwarz hat schon keine Probleme
mit der Entwicklung des weißfeldrigen Läufers mehr.} 5. h3 Bh5 6. Qe2 {Mit
diesem Zug verteidigt Weiß vorher den e4-Bauern und droht 7.g4 Bg6 8.h4 zu
spielen. Es ist wichtig (dank 6.Qe2), dass nach Bg6 nicht der e4-Bauer hängt.}
(6. Bd3 d5 7. e5 (7. Bg5 dxe4 8. Nxe4 Nbd7 $11) 7... Nfd7 $11 {[%cal Gc7c5]})
6... c6 7. g4 Bg6 8. Bg5 {Weiß entwickelt den Läufer, wonach die lange Rochade
möglich wird, aber ich glaube, die Alternative 8.h4 ist logischer.} (8. h4 {
Dieser Zug wäre die prinzipielle Fortsetzung für Weiß.} h5 9. g5 Nfd7 10. Bh3
b5 $13) 8... Be7 9. h4 (9. Bxf6 Bxf6 10. h4 h5 (10... h6) 11. g5 Be7 12. O-O-O
Nd7 13. d5 cxd5 14. exd5 e5 15. Nd2 a6 16. Bh3 Rc8 17. Nde4 O-O {0-1
Wirthensohn,H-Kveinys,A/Zuerich 2001/EXT 2003 (38)}) 9... h5 (9... h6 10. Bxf6
Bxf6 11. O-O-O Nd7 $11) 10. Bxf6 gxf6 11. gxh5 $6 {Dieser Zug gefällt mir
nicht - es wäre besser mit diesem Zug zu warten.} (11. Bh3 hxg4 (11... d5 $5)
12. Bxg4 d5 13. exd5 cxd5 14. h5 Bh7 15. Rg1 Nc6 16. O-O-O Qc7 17. Bh3 Qf4+ 18.
Kb1 Bf5 19. Bxf5 Qxf5 20. Ne1 O-O-O 21. Rh1 Rdg8 22. Rd3 Rg4 23. h6 {1-0
Hebden,M-Adams,M/Hastings 1996/CBM 57/[ChessBase] (64)}) 11... Bxh5 {[%cal
Gh5e2]} 12. O-O-O d5 $11 {[%csl Ge7,Gh5][%mdl 4] Schwarz hat eine bequeme,
gleiche Stellung und er hat Läuferpaar. Die Zentrumstellung ist geschlossen,
so dass Weiß, der Entwicklungsvorspung hat, nicht angreifen kann.} (12... Nd7
$11) 13. a3 {Weiß verteidigt sich gegen 13...Bb4.} (13. Kb1 Bb4 $15) 13... Qd6
$1 {[%csl Yf4][%cal Gd6f4] Schwarz aktiviert die Dame zuerst und zieht nur
später Nd7. Im folgenden muss Weiß mit dem Motiv Qf4 rechnen.} 14. Qe3 Nd7 15.
Be2 O-O-O $15 {Der h4P ist eine potenzielle Schwächung in der weißen Stellung,
während die schwarze Stellung fest ist.} 16. Kb1 {Ein gewönlicher
profilaktischer Zug - Weiß verbessert seine Königsstellung und vermeidet die
eventuell möglichen Motive mit Qf4+.} (16. Nd2 Bxe2 (16... f5 $6 17. e5 (17.
exf5 exf5 18. Bxh5 Rxh5 19. Nf3) 17... Qc7 $15) (16... dxe4 17. Ndxe4 Qc7 18.
Bxh5 Rxh5 19. Ng3 Rh7 $15 {[%cal Gf6f5] NachfoIgend kann Schwarz f6-f5 ziehen,
aber er muss vorsichtig sein - er muss das Motiv Nxf5 vermeiden.}) 17. Nxe2 (
17. Qxe2 dxe4 18. Ndxe4 Qf4+ $17 {[%cal Rf4c1,Rh8h4]}) 17... dxe4 18. Nxe4 Qd5
$15) 16... a6 (16... Kb8 $15) 17. Rdg1 (17. Nd2 $5) 17... Bf8 $6 {[%cal Gf8h6,
Gh6e3] Schwarz bereitet den Läuferzug nach h6 vor.} (17... Nb6 $15) 18. e5 $6 (
18. Ng5 $5 {Mit diesem unerwartetem Zug konnte Weiß das Spiel komplizieren und
die Initiative erhalten.} fxg5 (18... Bxe2 19. Nxf7 $18) 19. hxg5) 18... Qe7 {
Schwarz hält die Spannung in der Stellung - Er droht 19...Bh6 und wenn Weiß
nicht auf f6 nimmt, kann der Pe5 sehr schwach werden.} (18... fxe5 19. Nxe5
Nxe5 20. dxe5 Qc7 21. Bxh5 Rxh5 22. f4 $11) 19. exf6 Qxf6 {[%csl Gf6]} 20. Ng5
Bd6 {[%csl Yf4][%cal Gd6f4,Gf4e3,Gf4g5]} (20... Bxe2 $6 21. Nxe2 $11) 21. Bxh5
{Weiß muss - wegen der Drohung 21...Bf4 - von selbst auf h5 nehmen.} Rxh5 22.
Ne2 Rdh8 {[%csl Rh4][%cal Rh8h4] Schwarz steht ausgezeichnet - der h4P hängt
und die schwarze Bauernstruktur ist viel besser.} 23. Nf3 Rf5 (23... e5 $15)
24. Rh3 Nf8 $1 {[%cal Gf8g6,Gg6h4,Gg6f4][%mdl 32] Schwarz aktiviert den
Springer.} 25. Rg5 Ng6 26. Rxf5 Qxf5 27. Rh1 Kd7 {Schwarz muss sich nicht
beeilen, zuerst verbessert er seine Königsstellung. Weiß hat kein Gegenspiel.}
28. Ng3 Qg4 {[%csl Gg4]} 29. h5 (29. Rg1 Nxh4 30. Ne5+ Bxe5 31. dxe5 Nf3 $17)
29... Bxg3 30. fxg3 Rxh5 $17 {Schwarz hat einen Bauern mehr, Weiß hat keine
Kompensation.} 31. Rxh5 (31. Rf1 Rf5 $17) 31... Qxh5 32. b3 f6 {[%cal Ge6e5]}
33. a4 Ne7 {[%csl Yf5][%cal Ge7f5]} (33... e5 $19) 34. Qf4 Qf5 35. Qe3 $6 (35.
Qxf5 Nxf5 36. g4 Ne3 (36... Ng3 37. g5 fxg5 38. Nxg5 $17) 37. g5 fxg5 (37... f5
$6 38. Kc1 $15) 38. Nxg5 $17) 35... Qe4 $19 {Nach diesem Zug ist die weiße
Stellung hoffnungslos.} 36. Qf2 (36. Qxe4 dxe4 37. Nd2 e3 38. Nf3 Kd6 39. Kc1 (
39. c4 Nf5 40. g4 Nh6 41. g5 fxg5 42. Nxg5 e2 43. Nf3 Nf5 $19) 39... Kd5 40.
Kd1 Nf5 $19 (40... Ke4 41. Ke2 Nf5 $19)) 36... Nf5 37. Kb2 Qg4 {[%csl Rg3]} 0-1

[Event "CRO-ch 6th"]
[Site "Pula"]
[Date "1998.01.13"]
[Round "5"]
[White "Kovacevic, Vlatko"]
[Black "Zaja, Ivan"]
[Result "1/2-1/2"]
[WhiteElo "2520"]
[BlackElo "2450"]
[Annotator "Ribli,Z"]
[PlyCount "124"]
[EventDate "1998.01.09"]
[EventType "tourn"]
[EventRounds "13"]
[EventCountry "CRO"]
[EventCategory "9"]
[SourceTitle "CBM 064"]
[Source "ChessBase"]
[SourceDate "1998.06.02"]
[SourceVersion "1"]
[SourceVersionDate "1998.06.02"]
[SourceQuality "1"]

{Das ist eine kleine Überraschung. Gewöhnlicherweise beginnt der croatische GM
Kovacevic das Spiel mit 1.d4. Ribli.} 1. Nf3 {Hecht} d6 2. d4 Bg4 3. e4 Nf6 4.
h3 Bh5 5. Qe2 {Meines Erachtens ist das eine chancenreiche Fortsetzung für
Weiß.} (5. Bd3 e6 6. c4 Nc6 $13 {Hansen,LB-Hickl,J/Polanica Zdroj/1993/CBM37/})
5... Nc6 $146 {Schwarz provoziert das weiße Zentrum, dennoch ist diese
Fortsetzung - meiner Meinung nach - verdächtig.} (5... c6 6. Nc3 $5 (6. Nbd2 e6
7. c3 Be7 8. g3 d5 9. Bg2 O-O 10. O-O Bg6 11. exd5 cxd5 12. Ne5 Nc6 13. f4 Nxe5
14. dxe5 Nd7 15. g4 Bc2 16. Kh1 Nc5 17. Qe3 Qb6 18. Nf3 Be4 $15 {Suba,
M-Hodgson,J/Kuala Lumpur op 1992/0-1 (55)}) 6... e6 7. Bg5 Be7 8. g4 (8. Bxf6
Bxf6 9. O-O-O Bxf3 10. Qxf3 {1/2-1/2 Grivas,E-Bezold,M/Budapest FS02 GM 1994})
8... Bg6 9. Bxf6 Bxf6 10. h4 h5 11. g5 Be7 12. O-O-O Nd7 13. Qe3 O-O 14. Bd3
Qa5 15. Nd2 e5 16. f4 exf4 17. Qxf4 b5 18. Kb1 Rae8 19. Qg3 Nb6 20. Nb3 Qa6 21.
d5 Na4 22. Nxa4 Qxa4 23. dxc6 Rc8 24. e5 $16 {Grivas,E-Christiansen,L/Erevan
olm 1996/1/2-1/2 (84)}) (5... e6 6. Bg5 Be7 7. Bxf6 Bxf3 (7... Bxf6 $4 8. Qb5+
$18) 8. Qb5+ c6 9. Qxb7 Bxf6 10. Qxa8 $6 (10. gxf3 $5 Nd7 11. c3 $14) 10... Qb6
$1 11. Nd2 Bxd4 12. gxf3 Bxf2+ 13. Kd1 O-O $44 {0-1 Skembris,S-Gulko,B/
Beersheba 1993 (30)}) 6. g4 Bg6 7. d5 (7. Nc3 e5 8. d5 $14 Nd4 9. Nxd4 exd4 10.
Nb5 {[%csl Rd4]} Be7 11. f3 $14) 7... Nb8 8. Nc3 c6 9. Bg2 $14 {[%csl Re8]
Weiß kontrolliert mehr Raum und besitzt großen Entwicklungsvorspung.} Nfd7 $6 (
9... cxd5 10. exd5 {[%csl Gd5] Weiß hat starken positionellen Druck. Es ist
nicht klar, wie Schwarz seinen Königsflügel nun entwickeln soll.}) (9... e5 10.
dxe6 fxe6 11. e5 $14) (9... Nbd7 10. Bf4 {[%csl Re8] Und im Folgenden spielt
Weiß 11.0-0-0, mit Angriff.}) 10. Bf4 $32 Nc5 11. O-O-O $36 e5 12. dxe6 Nxe6
13. Bxd6 {Die Partiefortsetzung ist objektiv gesehen nicht schlecht, führt
jedoch zu großen Komplikationen. Der ruhige Läuferzug nach g3 hingegen läßt
Schwarz nicht zu Gegenspiel kommen.} (13. Bg3 $5 Be7 (13... Na6 14. Nh4 $16 {
[%csl Re8][%cal Gh4f5]}) 14. Rd2 $16 {[%csl Rd6][%cal Gh1d1,Rd1d6]}) 13... Bxd6
14. e5 {[%csl Rd6][%cal Rd1d8]} Nf4 15. Qf1 Bd3 (15... Nd3+ 16. cxd3 Be7 17. d4
$16) (15... Nd5 16. exd6 $16) 16. cxd3 Be7 17. d4 {[%csl Gf4] Schwarz hat zwar
einen Bauern weniger, dafür ist sein N ausgezeichnet auf f4 plaziert.} Na6 18.
Ne1 {Weiß bereitet den Tausch des Nf4 gegen den Nd3 vor.} (18. Ne2 Nxg2 (18...
Nd5 19. Kb1 $14) 19. Qxg2 Qd5 20. Nc3 $18 (20. Kb1 $4 Qe4+ $19)) 18... Qb6 {
Schwarz verteididigt sich gegen die weiße Nebendrohung - 19.Bxc6 bxc6 20.Qxa6
- und nimmt den Pd4 ins Visier.} 19. Be4 (19. Nd3 Qxd4) 19... Rd8 {[%csl Rd4]
[%cal Rd8d4]} 20. Nd3 Rxd4 $1 {Mit diesem zeitweiligen Figurenopfer bleibt
Schwarz im Spiel.} (20... Nxd3+ 21. Qxd3 $16) 21. Nxf4 Bg5 22. Rxd4 (22. Nce2
$2 Rxe4 $17) 22... Qxd4 23. Bxc6+ bxc6 24. Qxa6 Bxf4+ 25. Kb1 O-O {[%csl Gd4,
Re5,Rf2,Gf4] Nach großen Vereinfachungen besitzt Weiß einen Mehrbauern. Dafür
stehen die Qd4 und der Bf4 aktiv, und die weißen Pf2, e5 sind schwach.} 26. e6
$1 fxe6 (26... Qxf2 27. Qxc6 fxe6 {Durch Zugumstellung erreichen wir wieder
die Partiefortsetzung.}) 27. Qxc6 Qxf2 (27... e5 28. Qd5+ $14 (28. Ne4 {
[%csl Ge4]} Rb8 29. b3 (29. Qc2 $2 Rxb2+ 30. Qxb2 Qxe4+ $19) 29... Qd3+ 30. Qc2
$14)) 28. Qxe6+ Kh8 29. Qe2 Qc5 (29... Qxe2 30. Nxe2 Be5 $14) 30. Rf1 {[%cal
Gf1f8]} h6 31. a3 Bg5 32. Ne4 $6 (32. Rxf8+ $5 Qxf8 33. Ne4 Qe7 34. Qd3 $16)
32... Re8 $1 33. Qd3 (33. Nxc5 Rxe2 $14 {[%csl Rb1,Rb2,Ge2,Gg5][%cal Gg5f6,
Gf6b2]}) 33... Qe7 34. Nxg5 $6 {Meiner Meinung nach hilft dieser Tausch nur
Schwarz. Im Schwerfigurenendspiel hat Schwarz bessere praktische
Rettungschancen.} (34. Nd6 $1 $16 Rd8 $2 35. Nf7+ Qxf7 36. Qxd8+ Bxd8 37. Rxf7
$18) 34... Qxg5 35. Rf7 a5 {Weiß hat einen Bauern mehr, aber er bekommt
technische Probleme, wenn er die Bauernmehrheit am Damenflügel in Bewegung
setzt - er schwächt damit seine Königsstellung.} 36. Qf5 Qd2 (36... Qxf5+ 37.
Rxf5 Re3 38. Rxa5 Rxh3 $16) 37. Rf8+ Rxf8 38. Qxf8+ {[#] Hecht: White does not
succeed in converting his extra pawn. Reason: difficulties with activating his
king; and when he succeeds in so doing, Black already has his own passed pawn
in play. [#] Hecht: Weiß gelingt nicht die Verwertung seines Mehrbauern. Grund:
Schwierigkeit bei der Königsaktivierung; und als das gelingt, hat Schwarz
bereits einen ins Rollen gekommenen eigenen Freibauern.} Kh7 {Wir haben ein
Damenendspiel auf dem Brett, in dem der Verteidiger immer praktische
Gegenchancen behält (Dauerschach usw.).} 39. Qf5+ Kg8 40. Qc8+ Kf7 (40... Kh7
41. Qc2+ Qxc2+ 42. Kxc2 $18 {Das Bauernendspiel ist - natürlich - klar
gewonnen für Weiß.}) 41. Qc4+ Kf8 42. Ka2 Qd6 43. Qb5 (43. h4 $5 $16 {/\ 44.h5
kommt - meiner Meinung nach - in Betracht, so kommt Schwarz nicht zu
Gegenspiel am Königsflügel.}) (43. h4 $5 {Hecht}) (43. h4 $5 {Hecht}) 43...
Qe6+ 44. Qb3 Qa6 45. Qb8+ (45. a4 $5 {Hecht}) (45. a4 $5 {Hecht}) 45... Kf7 46.
Kb3 $6 {Mit diesem Königszug eröffnet Weiß seinem Kontrahenten Gegenchancen.}
Qd3+ 47. Ka4 Qxh3 48. Qf4+ (48. Kxa5 Qxg4 49. b4 h5 $13 {Und Schwarz hat auch
zwei gefährliche Freibauern.}) 48... Kg8 49. Qc4+ (49. Kxa5 $5 Qb3 50. Qb4 $16)
49... Kh7 50. Qe4+ g6 51. Kxa5 h5 {Weiß steht - natürlich - immer besser in
dieser Partie, aber Schwarz bekommt Gegenspiel am Königsflügel.} 52. gxh5 (52.
g5 Qf5+ 53. Qxf5 gxf5 54. b4 h4 55. b5 h3 56. b6 h2 57. b7 h1=Q 58. b8=Q Qd5+
$11) 52... Qxh5+ {Hecht:The pawn on g6 protects the black king from
counter-checks. In what follows, Black advances it as well with the assistance
of the queen. Hecht:Der Bg6 schützt den schwarzen König vor Gegenschachs. In
der Folge nenützt ihn Schwarz unter Assistenz der Dame zum Vormarsch.} 53. Kb4
(53. Ka6 $5) (53. Kb6 $5) 53... Qh2 {[%csl Gh2]} 54. Qe7+ Kg8 55. Qf6 Qd2+ 56.
Kb5 g5 {[%csl Gg5]} 57. b4 Qe2+ 58. Kc5 g4 {[%csl Gg4] Dieser Freibauer -
unterstützt durch die Dame - rettet für Schwarz die Partie. Das ist ein gutes
Beispiel dafür, daß die Qualität der Bauern in Damenendspielen - wie auch in
Turmendspielen - wichtiger ist als ihre Quantität.} 59. b5 Qe3+ (59... g3 $2
60. Qg5+ $18) 60. Kb4 g3 61. b6 Qd2+ 62. Kb5 Qd5+ {Und hier einigte man sich
auf remis.} (62... Qd5+ 63. Ka6 (63. Kb4 Qd2+ 64. Qc3 Qd6+ $11 65. Qc5 $4 (65.
Kb5 Qd5+) (65. Ka5 g2 (65... Qd5+ $11) 66. Qb3+ Kf8 67. Qf3+ Ke7 68. Qxg2 Qxa3+
69. Kb5 Qd3+ 70. Kc6 Qd7+ 71. Kc5 Qd6+ 72. Kb5 Qd3+ $11) 65... Qxc5+ 66. Kxc5
g2 67. b7 g1=Q+ $19) (63. Ka4 Qc4+ $11) 63... Qa8+) 1/2-1/2

[Event "EU-ch 6th"]
[Site "Warsaw"]
[Date "2005.06.30"]
[Round "12"]
[White "Bocharov, Dmitry"]
[Black "Graf, Alexander"]
[Result "1-0"]
[WhiteElo "2574"]
[BlackElo "2632"]
[Annotator "Ribli,Z"]
[PlyCount "125"]
[EventDate "2005.06.18"]
[EventType "swiss"]
[EventRounds "13"]
[EventCountry "POL"]
[SourceTitle "CBM 108"]
[Source "ChessBase"]
[SourceDate "2005.09.26"]
[SourceVersion "1"]
[SourceVersionDate "2005.09.26"]
[SourceQuality "1"]

1. d4 d6 2. Nf3 g6 3. g3 Bg7 4. Bg2 c5 5. O-O Qb6 $146 {Es ist selten, im 5.
Zug eine theoretische Neuerung zu bringen. Diese Idee ist interessant, Schwarz
strebt sofort nach aktivem Spiel am Damenflügel und spielt (noch) nicht Nf6.} (
5... cxd4 6. Nxd4 Qb6 7. Nb3 Qc7 (7... Nc6 8. a4 $5 Nf6 (8... a6 9. Nc3 Nf6 10.
a5 Qc7 11. Be3 Be6 12. Na4 O-O 13. Nb6 Rab8 14. c4 {1-0 Razuvaev,Y-Fedorov,V/
Moscow 1998/CBM 63 (35)}) 9. a5 Qc7 10. Nc3 O-O 11. Nb5 Qb8 12. a6 {1/2-1/2
Burmakin,V-Vokac,M/Pardubice 2002/(49)}) 8. Nc3 (8. a4 Nc6 9. a5 Be6 10. a6 b6
11. Na3 Rc8 12. Nb5 Qd7 13. N3d4 {1-0 Lerner,K-Ivanov,M/Bad Woerishofen 2000/
CBM 75 ext (37)}) 8... Bxc3 9. bxc3 Nf6 (9... Qxc3 $2 10. Rb1 $16) 10. Qd4 $1
Be6 11. Bh6 Nbd7 (11... Nc6 12. Qh4 $14) 12. Rfb1 $1 $14 Rg8 (12... a6 13. Nc1
$1 $16) 13. Nc1 $1 Nc5 14. Nd3 Nfd7 15. Be3 Rc8 16. Qh4 b6 17. Qxh7 $2 (17.
Bxc5 $1 Nxc5 18. Qxh7 Kd7 19. Qh4 $16) 17... Nf6 18. Qh4 Ncd7 $1 19. Qa4 $2 (
19. Bd2 $5 $14) 19... Bd5 20. Bd2 {1/2-1/2 Ribli,Z-Bischoff,K/Altensteig 1994/
CBM 43/[Ribli] (20)}) 6. Nc3 $5 {[%mdl 4] Weiß beschäftigt sich nicht mit der
Verteidigung des d4-Bauern, sondern strebt eine schnelle Entwicklung und
taktisches Spiel an.} (6. c3 Nf6) 6... cxd4 (6... Nf6 7. dxc5 (7. a4) 7... Qxc5
8. Be3) 7. Nd5 Qc5 (7... Qa5 8. Nxd4 $14) 8. Nd2 {[%cal Gd2b3,Gb3c5,Gb3d4]} Na6
(8... Bd7 9. c4 $13) 9. c4 $5 (9. Nb3 Qc4 $15) 9... dxc3 10. Ne4 (10. bxc3 Bd7)
10... Qd4 (10... c2 $5 11. Qd3 (11. Qd2 $6 Qd4) 11... Qd4 12. Qb5+ (12. Qxc2 $2
Qxd5 13. Nf6+ Nxf6 14. Bxd5 Nxd5 $17) (12. Qb3) 12... Kf8 13. Qb3 $44 (13. Ne3)
) 11. Qxd4 Bxd4 12. bxc3 Bg7 13. Rb1 $44 {Weiß hat einen Bauern weniger, aber
er besitzt aktives Figurenspiel und positionellen Druck am Damenflügel. Aber
ich bin nicht sicher, ob diese Kompensation befriedigend ist.} f5 (13... Rb8
14. Be3 b6) 14. Nd2 Kf7 (14... Nf6 15. c4 $44) 15. Nc4 Nf6 16. Be3 Nxd5 $2 {
Schwarz möchte die aktiven weißen Figuren tauschen, aber dieser Zug ist ein
Fehler.} (16... Be6 $1 17. Nxf6 (17. Nxd6+ exd6 18. Rxb7+ Nd7 19. Nf4 Be5 $17)
17... Bxf6 $15) 17. Bxd5+ $36 Kf6 $6 (17... Be6 $2 18. Nxd6+ $1 $18) (17... Kf8
$5 18. Rxb7 (18. Bxb7 Bxb7 19. Rxb7 Rc8 20. Rxa7 Rxc4 21. Rxa6 Kf7) 18... Bxb7
19. Bxb7 Nc7 20. Bxa8 Nxa8 21. Bxa7 Kf7) 18. h4 {[%cal Re3g5,Rg5f6] Es droht
einzügiges Matt mit 19.Bg5.} (18. Rxb7 $6 Bxb7 19. Bxb7 Nc7 $15) (18. Nxd6 $5
Nc7 (18... exd6 19. Bd4+ $16) 19. Bc4 $36 (19. Bxb7 exd6 20. Bxa8 Nxa8 21. Bxa7
$14)) 18... h6 19. f4 $1 $16 {[%csl Rf6][%cal Re3d4,Rd4f6] Der Zielpunkt des
weißen Spiels ist der schwarze König.} (19. Nxd6 $5) 19... Rd8 (19... g5 20. h5
$16) 20. Bd4+ e5 21. fxe5+ dxe5 22. Bxe5+ Ke7 23. Bxb7 (23. Bxg7 Rxd5 24. Bxh6
$16) (23. e4 Bxe5 24. Nxe5 fxe4 25. Nxg6+ (25. Bxb7 Bxb7 26. Rxb7+ Ke6 27. Nxg6
$16) 25... Kd6 26. Rf6+ $16) 23... Bxe5 24. Nxe5 (24. Bxa8 Bxg3) 24... Bxb7 25.
Rxb7+ Kf6 26. Ng4+ {[%cal Rg4h6,Rg4f6]} Ke6 27. Nxh6 {Auch wenn Weiß zwei
Bauern mehr hat, so ist die weiße Bauernstruktur ist nicht sehr stark. Darüber
hinaus steht der Nh6 ein wenig passiv} Nc5 28. Rg7 Kf6 29. Rc7 (29. Rf7+ Ke6
30. g4) 29... Rdc8 30. Rf7+ (30. Ng8+ Rxg8 31. Rxc5 Rgc8 32. Rxc8 Rxc8 33. Rf3
Rc4 $14) 30... Ke6 31. Rg7 Kf6 32. Rf7+ Ke6 33. g4 $1 Rh8 34. gxf5+ gxf5 35.
R7xf5 {[%mdl 4096] Weiß hat schon drei Bauern mehr, aber aufgrund des
reduzierten Materials besitzt Schwarz kleine Rettungchancen.} Ne4 $6 (35...
Rxh6 $142 36. Rxc5 Rxh4 37. Rff5) 36. Ng4 {[%cal Rf5e5,Re5e6,Re5e4]} Nxc3 37.
Re5+ $6 (37. Rf6+ $1 Ke7 (37... Kd5 38. R1f5+ Kc4 39. Rc6+ $18) 38. Rf7+ Kd6 (
38... Ke8 39. Rg7 $18) 39. R1f6+ Kd5 40. Rd7+ $18) 37... Kd6 38. Rf6+ Kd7 39.
Rf7+ (39. Rg5 $16) (39. h5) 39... Kd6 40. Rf6+ Kd7 41. h5 Nxa2 (41... Rag8 42.
Rg6 Rxg6 43. hxg6 $18) 42. h6 Rag8 43. Rf7+ Kd6 44. Rg7 Nc3 (44... Rxg7 45.
hxg7 $18) 45. Reg5 (45. e3) 45... Re8 $6 (45... Nxe2+ $142 46. Kf2 Re8 47. Rxa7
$16) 46. e3 Ne4 47. R5g6+ (47. Ra5 $18) 47... Re6 48. Kg2 a5 49. Rxe6+ Kxe6 50.
Ra7 {[%csl Ga7,Gh6][%cal Ra7a5] Der Ph6 ist stark und Weiß gewinnt den
a5-Bauern.} Rg8 51. Kf3 Ng5+ 52. Kf4 Nh3+ 53. Kg3 Ng5 54. Rxa5 $18 {Mit zwei
Mehrbauern gewinnt Weiß leicht die Partie.} Kf7 55. Kh4 Nh7 56. Kh5 (56. Ra7+
$1 Kg6 57. Rxh7 Kxh7 58. Nf6+ $18) 56... Rc8 57. Ra7+ Kg8 58. e4 (58. Kg6 Nf8+
(58... Rc6+ 59. Kf5 $18) 59. Kf5 $18) 58... Rc1 59. e5 Rh1+ 60. Kg6 Nf8+ 61.
Kf5 Rg1 62. Nf6+ Kh8 63. Rf7 1-0

[Event "Stockholm"]
[Site "Stockholm"]
[Date "1990.??.??"]
[Round "?"]
[White "Benjamin, Joel"]
[Black "Gausel, Einar"]
[Result "0-1"]
[WhiteElo "2560"]
[BlackElo "2460"]
[Annotator "Ribli,Z"]
[PlyCount "96"]
[EventDate "1990.??.??"]
[EventType "tourn"]
[EventRounds "9"]
[EventCountry "SWE"]
[EventCategory "11"]
[SourceTitle "CBM 022"]
[Source "ChessBase"]
[SourceDate "1991.06.01"]
[SourceVersion "1"]
[SourceVersionDate "1991.06.01"]
[SourceQuality "1"]

1. Nf3 d6 2. d4 Bg4 3. c4 Nd7 4. Nc3 g6 5. g3 Bxf3 6. exf3 Bg7 7. Bg2 c5 8.
dxc5 Nxc5 9. O-O Nh6 10. Qd2 Nf5 11. b3 a5 12. Rb1 O-O 13. f4 (13. Bb2 $5)
13... Nd4 14. Bb2 e5 15. Rbd1 Rb8 16. Nb5 Nce6 17. fxe5 Nxb5 18. cxb5 dxe5 19.
Ba3 Qxd2 20. Rxd2 Rfd8 21. Rxd8+ Nxd8 22. Rd1 b6 23. Rd7 Bf8 24. Bxf8 (24. Bb2
$5) 24... Kxf8 25. Bd5 Rc8 26. a4 Ke8 27. Ra7 Rc1+ 28. Kg2 Rd1 29. Bf3 (29. Bc4
$5) 29... Rd6 30. h4 h5 31. Ba8 f5 32. Rc7 e4 33. Kf1 Ne6 34. Bc6+ Kd8 35. Rb7
Nc5 $1 36. Rxb6 $2 Kc7 37. b4 Kxb6 38. bxc5+ Kxc5 39. Ke2 Kb4 40. Be8 Rb6 41.
Kd2 Kb3 42. Bc6 Rb8 43. b6 Rxb6 44. Be8 Kc4 45. Ke3 Rb3+ 46. Ke2 Kd4 47. Bxg6
Rb2+ 48. Kf1 Ra2 0-1

[Event "Hoogovens-B"]
[Site "Wijk aan Zee"]
[Date "1996.01.23"]
[Round "7"]
[White "Gretarsson, Helgi Ass"]
[Black "Van der Wiel, John"]
[Result "1/2-1/2"]
[WhiteElo "2450"]
[BlackElo "2535"]
[Annotator "Ribli,Z"]
[PlyCount "55"]
[EventDate "1996.01.16"]
[EventType "tourn"]
[EventRounds "11"]
[EventCountry "NED"]
[EventCategory "10"]
[SourceTitle "CBM 052"]
[Source "ChessBase"]
[SourceDate "1996.06.01"]
[SourceVersion "1"]
[SourceVersionDate "1996.06.01"]
[SourceQuality "1"]

1. d4 d6 2. c4 e5 3. Nf3 e4 4. Ng1 (4. Ng5 f5 5. Nc3 {A 21}) 4... g6 $5 $146 {
Eine interessante neue Idee.} (4... f5 5. Nc3 {A 21}) 5. Nc3 Bg7 $5 6. Nxe4 Qh4
7. Nd2 (7. Nc3 Qxd4 8. Qxd4 Bxd4 9. Nb5 Bb6 $10) 7... Qxd4 8. Ngf3 Qb6 9. g3
Nf6 10. Bg2 O-O 11. O-O a5 (11... Bf5 12. b3 Ne4 13. Nxe4 Bxe4 (13... Bxa1 14.
Be3 c5 15. Qxa1 Bxe4 16. Bh6 f6 17. Bxf8 Kxf8 18. Qxf6+ $18) 14. Be3 c5 15. Rc1
Rd8 16. Bg5 f6 17. Bf4 Nc6 18. Qd2 $13) 12. b3 Nc6 13. Bb2 a4 14. Bc3 Bf5 15.
b4 $5 {Weiss opfert einen Bauern, um die Initiative weiterhin zu behalten.}
Nxb4 16. Nh4 Nh5 $5 (16... Be6 17. Rb1 c5 18. a3 $18) 17. Bxg7 Nxg7 18. Nxf5
Nxf5 19. a3 Nc6 20. Rb1 Qa7 21. e3 Ng7 22. Ne4 $44 Ne6 23. h4 $1 $40 Ncd8 24.
Nf6+ Kh8 (24... Kg7 25. Nd7 Re8 26. Qd2 {/\ Qb2 ->}) 25. Qd2 $6 (25. Qc1 $5 $40
{/\ Qb2}) 25... Qa5 $1 $8 {Im richtigen Moment gibt Schwarz seinen Mehrbauern
zurück und rettet die Partie.} 26. Qb2 Qe5 27. Qxe5 dxe5 28. Bxb7 1/2-1/2